000 00957nam a22003137a 4500
001 BR7200087
003 BR-BrBNA
005 20230928083739.0
007 ta
008 230509b bl.||||| |||| 00| 0 por d
040 _aBR-BrBNA
_bpor
_cBiblioteca Nacional de Agricultura
041 _a(Por)
072 _aL00; E70
_b9410
_b/G514
090 _ 9410 BR7200087
100 1 _aMello, R.V. de
110 1 _aUniversidade Federal de Vicosa, MG (Brasil)
_0Tese (Magister Scientiae)
245 1 _aEstacionalidade e comercializacao da producao leiteira na regiao de Barbacena, Minas Gerais 1969 [Brasil]
260 3 _aVicosa, MG (Brasil):
_c1972.
300 _a136 p.
500 _a34 tables; 35 graphs; 13 ref.; Summary (Por)
650 _aProducao animal
650 _aComercializacao
650 _aLeite
650 _aProducao leiteira
650 _aBarbacena
650 _aMinas Gerais
909 _a202309
_bLucia
_c55
_dLucia Elande
942 _cBK
999 _c15051
_d15051